| 000 | 00683cam a2200229 a 4500 | ||
|---|---|---|---|
| 001 | 000009848 | ||
| 005 | 20200929161730.0 | ||
| 008 | 960409s1971 sp 000 f spa d | ||
| 040 |
_aDO-SdBNP _dBNPHU |
||
| 082 |
_a863.6 _bL869e |
||
| 100 | 1 |
_aLorenzo, Pedro de, _d1917-2000. _924770 |
|
| 245 | 1 | 0 |
_aExtremadura, la fantasía heroica / _cPedro de Lorenzo. |
| 260 |
_aMadrid : _bDoncel, _c1971. |
||
| 300 |
_a361 p. ; _c19 cm. |
||
| 490 | 1 |
_aLibro joven de bolsillo _v6 |
|
| 650 | 4 |
_aNovela española _91123 |
|
| 650 | 4 |
_aLiteratura española _ySIGLO XX _93326 |
|
| 830 | 0 |
_aLibro joven de bolsillo ; _v6 _912847 |
|
| 910 | _aCatalogación derivada | ||
| 910 | _aWM | ||
| 049 | _aBNGR | ||
| 999 |
_c9607 _d9607 |
||